| 000 | 00779nam a22001937a 4500 | ||
|---|---|---|---|
| 003 | OSt | ||
| 005 | 20251013045054.0 | ||
| 008 | 251013b |||||||| |||| 00| 0 eng d | ||
| 040 |
_aDWCL-Main lib _cOC |
||
| 082 | _aFil. 669.124 A811 2004 | ||
| 110 | _aASSOCIATION OF STRUCTURAL ENGINEERS OF THE PHILIPPINES (ASEP) | ||
| 245 |
_aASEP steel handbook 2004 vol. 1/ _cASSOCIATION OF STRUCTURAL ENGINEERS OF THE PHILIPPINES (ASEP) |
||
| 250 | _aThird edition | ||
| 260 |
_aQuezon City: _bAssociation of Structural Engineers of the Philippines Inc., _cc2004. |
||
| 300 |
_avarious pages : _billustrations ; _c23cm. |
||
| 650 | _a1. Steel Casting-- handbooks, manual etc. | ||
| 650 | _a2. Steel industry and trade-- standards | ||
| 942 |
_2ddc _cBK - FIL _eThird edition _kFil. _n0 |
||
| 999 |
_c4860 _d4860 |
||